Journal of Optimization Theory and Applications
Enregistré dans:
| Format: | Publication en série |
|---|---|
| Langue: | anglais |
| Publié: |
New York
Plenum Publ. Co.
|
| Tags: |
Pas de tags, Soyez le premier à ajouter un tag!
|
MARC
| LEADER | 00000nas1a22000001 4500 | ||
|---|---|---|---|
| 001 | s120842 | ||
| 005 | 20250730114818.5 | ||
| 022 | |a 0022-3239 | ||
| 022 | |a 1573-2878 | ||
| 041 | 0 | |a eng | |
| 044 | |a US | ||
| 245 | 1 | 0 | |a Journal of Optimization Theory and Applications |
| 264 | 1 | |a New York |b Plenum Publ. Co. | |